<?xml version="1.0" encoding="UTF-8"?>
<collection xmlns="http://www.loc.gov/MARC21/slim">
 <record>
  <leader>00774nam a2200253 a 4500</leader>
  <controlfield tag="001">TVCDKTCT15532</controlfield>
  <controlfield tag="003">CT=005  20150116074505.1</controlfield>
  <controlfield tag="005">20150123102512.7</controlfield>
  <controlfield tag="008">150115syyyy    vn                       </controlfield>
  <datafield tag="980" ind1="\" ind2="\">
   <subfield code="a">Thư viện Trường CĐ Kỹ Thuật Cao Thắng</subfield>
  </datafield>
  <datafield tag="024" ind1=" " ind2=" ">
   <subfield code="a">RG_1 #1 eb0 i1</subfield>
  </datafield>
  <datafield tag="020" ind1="#" ind2="#">
   <subfield code="c">10.000 Đồng</subfield>
  </datafield>
  <datafield tag="041" ind1="0" ind2="#">
   <subfield code="a">vie</subfield>
  </datafield>
  <datafield tag="082" ind1="#" ind2="#">
   <subfield code="a">684 </subfield>
   <subfield code="b">GI-108T</subfield>
  </datafield>
  <datafield tag="100" ind1=" " ind2=" ">
   <subfield code="a">Trần Xua</subfield>
  </datafield>
  <datafield tag="245" ind1="#" ind2="#">
   <subfield code="a">Giáo trình 3: Trang trí nội thất, </subfield>
   <subfield code="c">Đinh Văn Thanh</subfield>
  </datafield>
  <datafield tag="250" ind1="#" ind2="#">
   <subfield code="a">lần thứ I</subfield>
  </datafield>
  <datafield tag="260" ind1="#" ind2="#">
   <subfield code="a">TP.HCM </subfield>
   <subfield code="b">Trường  CĐ KT Cao Thắng, </subfield>
  </datafield>
  <datafield tag="300" ind1="#" ind2="#">
   <subfield code="a">47  tr </subfield>
   <subfield code="c">24 cm</subfield>
  </datafield>
  <datafield tag="541" ind1="#" ind2="#">
   <subfield code="a">Tặng</subfield>
  </datafield>
  <datafield tag="650" ind1="#" ind2="4">
   <subfield code="a">Giáo trình</subfield>
  </datafield>
  <datafield tag="650" ind1="#" ind2="4">
   <subfield code="a">Trang trí nội thất</subfield>
  </datafield>
  <datafield tag="653" ind1="#" ind2="#">
   <subfield code="a">Mộc-đúc</subfield>
  </datafield>
  <datafield tag="841" ind1="#" ind2="#">
   <subfield code="b">Kho Sách </subfield>
   <subfield code="j">100043830</subfield>
  </datafield>
 </record>
</collection>
